|
|
|
|
| LEADER |
00000cam a2200000 a 4500 |
| 001 |
vtls001124245 |
| 003 |
SK-MaSNL |
| 005 |
20260301001720.0 |
| 008 |
250604s1988 xo n 000 0 slo |
| 015 |
|
|
|a SNBA1988/06
|
| 035 |
|
|
|a SNK000067088
|
| 035 |
|
|
|a urn:nbn:sk:snk-amjbh6
|
| 035 |
|
|
|a urn:nbn:sk:snk-am002dy6
|
| 035 |
|
|
|a 9B6F4B6B-6043-434D-A902-9D2E4CB55D3B
|
| 040 |
|
|
|a SNK
|b slo
|c SNK
|e AACR2
|
| 041 |
0 |
|
|a slo
|
| 044 |
|
|
|a xo
|c SK
|
| 080 |
|
|
|a 141.82
|2 1981
|
| 080 |
|
|
|a 1 100.541.2
|2 1981
|
| 080 |
|
|
|a 172.4:321.74
|2 1981
|
| 080 |
|
|
|a 327.32(1-11)
|2 1981
|
| 100 |
1 |
|
|a Bajcura, Ivan,
|d 1930-1986
|4 aut
|9 151672
|
| 245 |
1 |
0 |
|a Socialistický internacionalizmus
|c Ivan Bajcura
|
| 250 |
|
|
|a 1. vyd.
|
| 260 |
|
|
|a Bratislava
|b Pravda
|c 1988
|e Bratislava
|f Pravda
|
| 300 |
|
|
|a 199 s.
|c 21 cm
|
| 366 |
|
|
|e 1500 výt.
|
| 490 |
1 |
|
|a Vedecký komunizmus
|
| 500 |
|
|
|a Lit. 160. 160 zázn. v slov., češ., ruš., angl. a špan.
|
| 504 |
|
|
|a Bibliogr. odkazy
|
| 650 |
0 |
7 |
|a socialistický internacionalizmus
|2 SNKPH
|9 158492
|
| 650 |
0 |
7 |
|a monografie
|2 SNKPH
|9 256509
|
| 655 |
|
7 |
|a štúdie
|2 SNKPH
|9 57033
|
| 830 |
|
0 |
|a Vedecký komunizmus
|9 280356
|
| 958 |
|
|
|a EUIPO
|
| 958 |
|
|
|a OND
|
| 958 |
|
|
|a SP
|
| 958 |
|
|
|a TL
|
| 958 |
|
|
|a NB
|
| 999 |
|
|
|c 535546
|d 537476
|
| 952 |
|
|
|a SNK
|b SNK
|y VYP
|7 0
|p 17A1138442
|o snkSC 71568 D1
|i snkKSP 3629/88
|0 0
|1 0
|4 0
|d 2015-03-02
|f 1
|l 0
|r 2026-02-23 12:23:49
|w 2026-02-23
|